000 00336nam a22001457a 4500
008 221024b ||||| |||| 00| 0 eng d
020 _a9780721639246
041 _aeng
080 _2THIRD EDITION
_a616
082 _a616 WYL
100 _a14.2
101 _aPEDI
245 _aPEDIATRIC GASTROINTESTINAL
_cWYLLIE R
942 _2udc
_cBK
999 _c58656
_d58656